Every City in 18 Wheels of Steel: Across America (with a Map) - Statistics

General Stats
  • This quiz has been taken 23 times
  • The average score is 15 of 20
Answers on the Map
Answers color-coded by a green-red scale on the quiz's map according to % correct below.
 
Answer Stats
State City % Correct
California Los Angeles
89%
Florida Miami
89%
New York New York
89%
Massachusetts Boston
84%
Illinois Chicago
84%
Texas Dallas
84%
California San Francisco
84%
Washington Seattle
84%
Colorado Denver
79%
Texas Houston
79%
Kansas / Missouri Kansas City
79%
Utah Salt Lake City
79%
Washington D.C.
79%
New Mexico Albuquerque
74%
Georgia Atlanta
74%
Indiana Indianapolis
74%
Minnesota Minneapolis
74%
Pennsylvania Pittsburgh
74%
Tennessee Memphis
68%
Montana Great Falls
26%
No matching quizzes found
Score Distribution
Percent of People with Each Score
Percentile by Number Answered
Your Score History
You have not taken this quiz